Sports Quiz

Random Sports or Clickable Quiz

Nfl faces of franchise Quiz Stats

 Plays Quiz not verified by Sporcle

Also try: NFL Closest Team
Challenge
Share
Tweet
Embed
Score 0/32 Timer 14:00
0 Plays Today
team players % Correct
giants???
88.1%
patriots ???
87.3%
saints???
80.2%
packers???
77.8%
texans???
76.2%
titans???
76.2%
buffalo bills???
75.4%
vikings???
74.6%
ravens???
73%
panthers???
72.2%
lions???
71.4%
chargers???
70.6%
falcons???
69%
rams???
64.3%
cardinals???
62.7%
eagles???
61.1%
team players % Correct
jaguars???
60.3%
jets???
57.9%
bears ???
57.9%
49ers???
54.8%
steelers???
54%
colts???
53.2%
cowboys???
51.6%
raiders???
46%
broncos???
38.9%
buccaneers???
36.5%
browns???
31.7%
seahawks???
31.7%
dolphins???
30.2%
redskins???
28.6%
chiefs???
27.8%
bengals???
20.6%

You're not logged in!

Compare scores with friends on all Sporcle quizzes.
Join for Free
OR
Log In

You Might Also Like...

Show Comments

Extras

Top Quizzes Today


Score Distribution

Your Account Isn't Verified!

In order to create a playlist on Sporcle, you need to verify the email address you used during registration. Go to your Sporcle Settings to finish the process.

Report this User

Report this user for behavior that violates our Community Guidelines.

Details: